00301nam a22001217a 4500003000400000020001800004040000600022082001300028100001900041245006800060260003500128300001600163OSt a9789350840405 a1 a351bSIN aSingh, Purnima aEncyclopaedia of Modern Political AdministrationcPurnima Singh aNew DelhibCentrum Pressc2013 a304p:b24cm